UGC-NET Computer Science and Application Previous Solved Papers (Record no. 10708)
[ view plain ]
| 000 -LEADER | |
|---|---|
| fixed length control field | 00388nam a22001577a 4500 |
| 003 - CONTROL NUMBER IDENTIFIER | |
| control field | OSt |
| 008 - FIXED-LENGTH DATA ELEMENTS--GENERAL INFORMATION | |
| fixed length control field | 210710b ||||| |||| 00| 0 eng d |
| 020 ## - INTERNATIONAL STANDARD BOOK NUMBER | |
| International Standard Book Number | 9789390564040 |
| 082 ## - DEWEY DECIMAL CLASSIFICATION NUMBER | |
| Classification number | 004 SIU |
| 100 ## - MAIN ENTRY--PERSONAL NAME | |
| Personal name | MADE EASY |
| 245 ## - TITLE STATEMENT | |
| Title | UGC-NET Computer Science and Application Previous Solved Papers |
| 260 ## - PUBLICATION, DISTRIBUTION, ETC. (IMPRINT) | |
| Place of publication, distribution, etc | New Delhi |
| Name of publisher, distributor, etc | Made Easy |
| 300 ## - PHYSICAL DESCRIPTION | |
| Extent | 572 |
| 650 ## - SUBJECT ADDED ENTRY--TOPICAL TERM | |
| Topical term or geographic name as entry element | MCA |
| 942 ## - ADDED ENTRY ELEMENTS (KOHA) | |
| Source of classification or shelving scheme | Dewey Decimal Classification |
| Koha item type | Text Books |
| 942 ## - ADDED ENTRY ELEMENTS (KOHA) | |
| -- | 5 |
| Withdrawn status | Lost status | Source of classification or shelving scheme | Damaged status | Not for loan | Collection code | Home library | Current library | Date acquired | Source of acquisition | Currency | Cost, normal purchase price | Bill Number | Total Checkouts | Full call number | Acc. no. / Barcode | Date last seen | Actual Cost, discounted price | Bill Date | Koha item type | Public note | Checked out | Date last borrowed |
|---|---|---|---|---|---|---|---|---|---|---|---|---|---|---|---|---|---|---|---|---|---|---|
| Dewey Decimal Classification | GENERAL | PIET C-LIBRARY | PIET C-LIBRARY | 21/06/2021 | Kirti Praskshan | IN Rupees | 725.00 | IN2170 | 004 SIU | 32997 | 10/07/2021 | 543.75 | 21/06/2021 | Reference Books | Competition | |||||||
| Dewey Decimal Classification | GENERAL | PIET C-LIBRARY | PIET C-LIBRARY | 21/06/2021 | Kirti Praskshan | IN Rupees | 725.00 | IN2170 | 1 | 004 SIU | 32998 | 29/12/2021 | 543.75 | 21/06/2021 | Text Books | Competition | 27/06/2022 | 29/12/2021 | ||||
| Dewey Decimal Classification | GENERAL | PIET C-LIBRARY | PIET C-LIBRARY | 21/06/2021 | Kirti Praskshan | IN Rupees | 725.00 | IN2170 | 2 | 004 SIU | 32999 | 25/09/2024 | 543.75 | 21/06/2021 | Text Books | Competition | 07/10/2022 | |||||
| Dewey Decimal Classification | GENERAL | PIET C-LIBRARY | PIET C-LIBRARY | 21/06/2021 | Kirti Praskshan | IN Rupees | 725.00 | IN2170 | 5 | 004 SIU | 33000 | 11/03/2025 | 543.75 | 21/06/2021 | Text Books | Competition | 29/09/2025 | 11/03/2025 | ||||
| Dewey Decimal Classification | GENERAL | PIET C-LIBRARY | PIET C-LIBRARY | 21/06/2021 | Kirti Praskshan | IN Rupees | 725.00 | IN2170 | 1 | 004 SIU | 33001 | 07/10/2022 | 543.75 | 21/06/2021 | Text Books | Competition | 21/10/2022 | 07/10/2022 |